=LDR 00000nam 2200000 4500 =001 INLIS000000000032216 =005 20200720015951 =035 ##$$a 0010-061300000032216 =008 200720################g##########0#ind## =041 ##$$a ind =082 ##$$a 2x5.2 =090 ##$$a 2x5.2, Muh c =100 ##$$a Muhammad,U.N =245 1#$$a Cahaya mimpi sufi : $b Menyingkap rahasia Ilahi lewat mimpi kaum sufi, /$c Muhammad UN =260 ##$$a Jombang :$b Lintas Media,$c [s.a] =300 ##$$a 224 hlm. ; $c 19 x 13 cm. =650 #4$$a Tasawuf =850 ##$$a NBPNMAT =084 ##$$a 2x5.2 MUH c =250 ##$$a cet. 1 =500 ##$$a Bibliografi ; hlm. 223-224 =990 ##$$a 21001495 =990 ##$$a 21001494 =990 ##$$a 21001496 =990 ##$$a 09050905 =990 ##$$a 21507 pb.07 =990 ##$$a 21001495 =990 ##$$a 21001494 =990 ##$$a 21001496